| 000 | 00391nam a2200145Ia 4500 | ||
|---|---|---|---|
| 008 | 100122s9999 xx 000 0 und d | ||
| 082 |
_b48950 _a823 |
||
| 100 | _aMCCAIG DONALD | ||
| 245 | _aTHE MAN WHO MADE THE DEVIL GLAD | ||
| 260 |
_bST MARTINS PRESS _c1986 |
||
| 300 | _a244 | ||
| 630 | _aTHE MAN WHO MADE THE DEVIL GLAD | ||
| 730 | _aTHE MAN WHO MADE THE DEVIL GLAD | ||
| 942 | _cBOOK | ||
| 999 |
_c374905 _d374902 |
||